[Event "Rottach Egern Seniors Cup 13th"]
[Site "Rottach Egern"]
[Date "2025.03.31"]
[Round "3"]
[White "Prueske, Wolfgang"]
[Black "Lutz, Albert"]
[Result "1-0"]
[WhiteElo "1945"]
[BlackElo "2077"]
[PlyCount "76"]
[EventDate "2025.03.29"]
[EventType "swiss"]
[EventRounds "9"]
[EventCountry "GER"]
[SourceTitle "CB16_2025"]
[SourceDate "2025.04.16"]
[SourceVersion "1"]
[SourceVersionDate "2025.04.16"]
[SourceQuality "1"]

1. e4 e5 2. Nc3 Nf6 3. d4 exd4 4. Qxd4 Nc6 5. Qd3 Bb4 6. Bd2 0-0 7. Nge2 Re8 8. 0-0-0 d6 9. h3 Ne5 10. Qg3 Ng6 11. Bg5 h6 12. Bxf6 gxf6 13. f4 Kh7 14. Qf3 Bd7 15. Nd5 Bc5 16. Qc3 Re6 17. f5 Re5 18. fxg6+ fxg6 19. Ng3 c6 20. Ne3 Bxe3+ 21. Qxe3 d5 22. Qd2 Rg5 23. Ne2 Be6 24. Nf4 Bf7 25. Bd3 d4 26. h4 Re5 27. h5 g5 28. Ng6 Bxg6 29. hxg6+ Kxg6 30. Qe2 Kg7 31. Qh5 Qh8 32. Bc4 Re7 33. Rxd4 Qh7 34. Bd3 Qg6 35. Qxg6+ Kxg6 36. e5+ Kg7 37. exf6+ Kxf6 38. Rxh6+ Ke5 1-0

[Event "Rottach Egern Seniors Cup 13th"]
[Site "Rottach Egern"]
[Date "2025.03.29"]
[Round "1"]
[White "Zschorsch, Peter"]
[Black "Lutz, Albert"]
[Result "0-1"]
[WhiteElo "1847"]
[BlackElo "2077"]
[PlyCount "96"]
[EventDate "2025.03.29"]
[EventType "swiss"]
[EventRounds "9"]
[EventCountry "GER"]
[SourceTitle "CB16_2025"]
[SourceDate "2025.04.16"]
[SourceVersion "1"]
[SourceVersionDate "2025.04.16"]
[SourceQuality "1"]

1. e4 d6 2. d4 Nf6 3. Bd3 g6 4. c3 Bg7 5. h3 0-0 6. Be3 Nbd7 7. Qd2 c5 8. Ne2 b5 9. 0-0 Bb7 10. f3 a6 11. Bh6 Qb6 12. Bxg7 Kxg7 13. Kh2 e5 14. Qe3 Rac8 15. d5 a5 16. Na3 c4 17. Qxb6 Nxb6 18. Bc2 b4 19. Nb5 Rfd8 20. Rfc1 Rc5 21. Na7 Ra8 22. Nc6 Bxc6 23. dxc6 Rc8 24. Rd1 R8xc6 25. g4 h6 26. Rd2 d5 27. Ng3 Rc7 28. Rad1 Rd7 29. Kg2 dxe4 30. Nxe4 Rdd5 31. Rxd5 Rxd5 32. Rxd5 Nfxd5 33. Kf2 f5 34. gxf5 gxf5 35. Nd6 bxc3 36. bxc3 Nxc3 37. Nxf5+ Kf6 38. a3 Nb5 39. a4 Nd4 40. Ne3 Nxc2 41. Nxc2 Nxa4 42. Ke3 Kf5 43. h4 Nb6 44. Na3 h5 45. Ke2 Kf4 46. Kf2 c3 47. Ke2 Kg3 48. Ke3 Kxh4 0-1

[Event "GER-ch Seniors 65 36th"]
[Site "Bad Wildungen"]
[Date "2024.08.28"]
[Round "6"]
[White "Lutz, Albert"]
[Black "Heinig, Wolfram"]
[Result "1/2-1/2"]
[WhiteElo "2070"]
[BlackElo "2215"]
[PlyCount "78"]
[EventDate "2024.08.25"]
[EventType "swiss"]
[EventRounds "9"]
[EventCountry "GER"]
[SourceTitle "CBM 221 Extra"]
[Source "ChessBase"]
[SourceDate "2024.09.30"]
[SourceVersion "1"]
[SourceVersionDate "2024.09.30"]
[SourceQuality "1"]

1. Nf3 Nf6 2. c4 c5 3. Nc3 b6 4. g3 Bb7 5. Bg2 e6 6. 0-0 Be7 7. d3 d5 8. cxd5 Nxd5 9. Re1 Nc6 10. Nxd5 Qxd5 11. Bf4 Qd7 12. Ne5 Nxe5 13. Bxb7 Qxb7 14. Bxe5 0-0 15. Qa4 Rfd8 16. b3 Qd5 17. Bb2 Qf5 18. Qf4 Qxf4 19. gxf4 f5 20. Kg2 Kf7 21. Kf3 Bf6 22. Bxf6 Kxf6 23. Rac1 Rd4 24. Rc4 Rad8 25. Rec1 a5 26. a4 e5 27. fxe5+ Kxe5 28. h4 g6 29. Rg1 R4d6 30. Ke3 Kf6 31. Kf3 h6 32. Rh1 Ke5 33. Rg1 Rg8 34. Rh1 g5 35. hxg5 hxg5 36. Rh5 Rgg6 37. Kg3 Rd4 38. Rh8 Rdd6 39. Rh5 Rd4 1/2-1/2

[Event "Baden Wuerttemberg-ch Seniors 65+ op"]
[Site "Freudenstadt"]
[Date "2019.07.07"]
[Round "3"]
[White "Lutz, Albert"]
[Black "Kalix, Wolfgang"]
[Result "1-0"]
[WhiteElo "2143"]
[BlackElo "2010"]
[PlyCount "49"]
[EventDate "2019.07.05"]
[EventType "swiss"]
[EventRounds "9"]
[EventCountry "GER"]
[SourceTitle "EXT 2020"]
[Source "ChessBase"]
[SourceDate "2019.10.17"]
[SourceVersion "1"]
[SourceVersionDate "2019.10.17"]
[SourceQuality "1"]

1. d4 Nf6 2. Nf3 e6 3. g3 d5 4. Bg2 Be7 5. 0-0 0-0 6. c4 dxc4 7. Qc2 Nc6 8. Qxc4 Bd7 9. Nc3 Rb8 10. Ne5 Nxe5 11. dxe5 Ne8 12. Be3 a6 13. Rfd1 Qc8 14. Ba7 Ra8 15. Bc5 Bxc5 16. Qxc5 Rb8 17. Rd4 b6 18. Qe7 Bb5 19. Nxb5 axb5 20. Bc6 g6 21. Rad1 Ng7 22. g4 b4 23. Rd7 Qa6 24. Rd8 Qxe2 25. Qxf8# 1-0

[Event "Bodensee Seniors op 4th"]
[Site "Bregenz"]
[Date "2018.05.11"]
[Round "6"]
[White "Lutz, Albert"]
[Black "Heinritz, Dietmar"]
[Result "1-0"]
[WhiteElo "2147"]
[BlackElo "1881"]
[PlyCount "120"]
[EventDate "2018.05.06"]
[EventType "swiss"]
[EventRounds "7"]
[EventCountry "AUT"]
[SourceTitle "CBM 184 Extra"]
[Source "ChessBase"]
[SourceDate "2018.06.28"]
[SourceVersion "1"]
[SourceVersionDate "2018.06.28"]
[SourceQuality "1"]

1. Nf3 Nf6 2. c4 g6 3. d4 Bg7 4. Nc3 d5 5. cxd5 Nxd5 6. Qb3 Nxc3 7. bxc3 0-0 8. e4 c5 9. d5 e6 10. Be3 b6 11. Bc4 Ba6 12. a4 Bxc4 13. Qxc4 exd5 14. exd5 Nd7 15. 0-0 Ne5 16. Nxe5 Bxe5 17. f4 Bg7 18. f5 Qd6 19. Bf4 Qf6 20. Rf3 g5 21. Bc7 h5 22. h3 Qe7 23. Bg3 Bf6 24. d6 Qd7 25. Rd1 Rfe8 26. Rd5 a6 27. Qb3 Rab8 28. Qd1 Kg7 29. Qd3 a5 30. Qd1 Re4 31. Rf1 h4 32. Bh2 Bxc3 33. f6+ Kh6 34. Qc1 Bd4+ 35. Kh1 Be3 36. Qc3 Qe6 37. Rdd1 Bd4 38. Qf3 Rd8 39. Qf5 Qxf5 40. Rxf5 Kg6 41. Rdf1 Rde8 42. d7 Rd8 43. Rd5 Bxf6 44. Bc7 Ra8 45. Rxf6+ Kxf6 46. d8Q+ Rxd8 47. Bxd8+ Ke6 48. Rxg5 Rxa4 49. Bxb6 Ra1+ 50. Kh2 c4 51. Bxa5 f5 52. Bd8 Rd1 53. Ba5 Ra1 54. Bc3 Ra3 55. Be1 c3 56. Rg8 Kd7 57. Bxh4 c2 58. Bg5 Ra1 59. Rf8 Ra5 60. h4 Rc5 1-0

[Event "Bodensee Seniors op 4th"]
[Site "Bregenz"]
[Date "2018.05.07"]
[Round "2"]
[White "Lutz, Albert"]
[Black "Peterlunger, Erich"]
[Result "1-0"]
[WhiteElo "2147"]
[BlackElo "1848"]
[PlyCount "159"]
[EventDate "2018.05.06"]
[EventType "swiss"]
[EventRounds "7"]
[EventCountry "AUT"]
[SourceTitle "CBM 184 Extra"]
[Source "ChessBase"]
[SourceDate "2018.06.28"]
[SourceVersion "1"]
[SourceVersionDate "2018.06.28"]
[SourceQuality "1"]

1. Nf3 e6 2. c4 f5 3. Nc3 Nf6 4. d3 d5 5. g3 c6 6. Qc2 d4 7. Nb1 Be7 8. Bg2 0-0 9. 0-0 c5 10. e3 Nc6 11. exd4 cxd4 12. Re1 Rb8 13. Bf4 Bd6 14. Bxd6 Qxd6 15. Na3 a6 16. Qe2 Bd7 17. Ne5 Nxe5 18. Qxe5 Qb4 19. Qxd4 Rfd8 20. Qe5 Ng4 21. Qe2 Bc8 22. h3 Nf6 23. Rad1 b5 24. cxb5 axb5 25. Qe5 Rb6 26. Nc2 Qa4 27. Qc5 Rbd6 28. Nb4 Ne4 29. Bxe4 fxe4 30. b3 Qa8 31. d4 Qb7 32. Qe5 Qb6 33. Rxe4 Bb7 34. Rf4 R8d7 35. h4 h6 36. g4 Rf7 37. g5 Rxf4 38. Qxf4 hxg5 39. hxg5 Qd8 40. Kh2 Qe7 41. Nd3 Rd8 42. Ne5 Rf8 43. Qh4 Rf5 44. Rg1 Qf8 45. Ng4 Qd6+ 46. Rg3 Qc6 47. Rg1 Qd6+ 48. Qg3 Qxg3+ 49. Rxg3 Rxg5 50. Ne5 Rf5 51. f3 Rf4 52. Rg4 Rf5 53. Kg3 Bd5 54. Kf2 Rh5 55. Rg2 Rf5 56. Ke3 Rh5 57. Rc2 Rh1 58. Nd3 Rh3 59. Rf2 Rh1 60. Nb4 Bb7 61. Kf4 Kf7 62. Rc2 Rh4+ 63. Ke5 Rh5+ 64. Kf4 Rf5+ 65. Ke3 Bxf3 66. Rc5 Bd5 67. Rxb5 Rf3+ 68. Ke2 Rh3 69. Nxd5 exd5 70. a4 Ke6 71. a5 Rh2+ 72. Ke3 Ra2 73. b4 Ra4 74. Kf4 Ra1 75. Rb6+ Ke7 76. Ke5 Rh1 77. Rb7+ Kf8 78. Kxd5 g5 79. a6 Ra1 80. a7 1-0

[Event "Bayern-chI Bank Hofmann 21st"]
[Site "Tegernsee"]
[Date "2017.10.29"]
[Round "2"]
[White "Baldauf, Marco"]
[Black "Lutz, Albert"]
[Result "1-0"]
[WhiteElo "2483"]
[BlackElo "2162"]
[PlyCount "148"]
[EventDate "2017.10.28"]
[EventType "swiss"]
[EventRounds "9"]
[EventCountry "GER"]
[SourceTitle "CBM 181 Extra"]
[Source "ChessBase"]
[SourceDate "2017.12.12"]
[SourceVersion "1"]
[SourceVersionDate "2017.12.12"]
[SourceQuality "1"]

1. d4 Nf6 2. c4 g6 3. Nc3 d5 4. cxd5 Nxd5 5. e4 Nxc3 6. bxc3 Bg7 7. Nf3 c5 8. Be3 Nc6 9. Qd2 cxd4 10. cxd4 Bg4 11. Rd1 0-0 12. Be2 Qa5 13. Qxa5 Nxa5 14. Rc1 Rfc8 15. Kd2 Rxc1 16. Rxc1 Rc8 17. Rxc8+ Bxc8 18. d5 b6 19. Nd4 Bd7 20. Nb5 Bxb5 21. Bxb5 Nb7 22. Bc6 Nd6 23. Kd3 f5 24. f3 fxe4+ 25. fxe4 Be5 26. Bd4 Bxh2 27. e5 Nf5 28. Bc3 Kf7 29. Bd7 h5 30. Ke4 Ng3+ 31. Kf3 Nf5 32. Ke4 Ng3+ 33. Kf3 Nf5 34. Bb2 Kf8 35. g3 Bg1 36. Bc1 Bd4 37. Bf4 Bc5 38. Ke4 Nd4 39. Bd2 Ne2 40. Kf3 Nd4+ 41. Ke4 Ne2 42. Be1 Kf7 43. a4 Kf8 44. Kd3 Nd4 45. Bd2 Nf5 46. Bf4 Kf7 47. Ke4 Nd4 48. e6+ Kf8 49. Bh6+ Kg8 50. d6 Nf5 51. dxe7 Bxe7 52. Bf4 Kf8 53. Kd5 Bc5 54. Bb5 Ne7+ 55. Ke5 Kg7 56. Ke4 Kf6 57. Bc4 g5 58. Be5+ Kg6 59. Bb5 h4 60. gxh4 gxh4 61. Kf4 Nd5+ 62. Kg4 Be7 63. Bd3+ Kh6 64. Bb8 Nb4 65. Be4 a6 66. Be5 a5 67. Kf5 Na6 68. Bf6 Bd6 69. e7 Nc7 70. Bc6 h3 71. e8Q Nxe8 72. Bxe8 h2 73. Bc6 Bc5 74. Be4 Kh5 1-0

[Event "Regionalliga SW 1617"]
[Site "Bayern"]
[Date "2017.02.05"]
[Round "5.5"]
[White "Lutz, Albert"]
[Black "Braun, Thomas1"]
[Result "1-0"]
[WhiteElo "2003"]
[BlackElo "2057"]
[PlyCount "131"]
[EventDate "2016.10.16"]
[EventType "team-tourn"]
[EventRounds "9"]
[EventCountry "GER"]
[SourceTitle "EXT 2019"]
[Source "ChessBase"]
[SourceDate "2018.10.10"]
[SourceVersion "1"]
[SourceVersionDate "2018.10.10"]
[SourceQuality "1"]
[WhiteTeam "Krumbach"]
[BlackTeam "Bayern Muenchen III"]
[WhiteTeamCountry "GER"]
[BlackTeamCountry "GER"]

1. Nf3 d5 2. c4 c6 3. d4 Nf6 4. Nc3 e6 5. e3 Nbd7 6. Qc2 Bd6 7. b3 0-0 8. Bd3 e5 9. cxd5 cxd5 10. dxe5 Nxe5 11. Nd4 Be6 12. Bb2 Rc8 13. a3 Bc5 14. 0-0 Bxd4 15. exd4 Nc6 16. Qd1 Qd7 17. Na4 b6 18. f3 Bf5 19. Ba6 Rc7 20. Bc1 Nb8 21. Bd3 Re8 22. Bf4 Rcc8 23. Qd2 Bxd3 24. Qxd3 Nc6 25. Bd2 h6 26. Nc3 Na5 27. Nb5 Nc4 28. a4 a6 29. Nc3 Nxd2 30. Qxd2 Re6 31. Rac1 Rec6 32. Na2 a5 33. Rxc6 Rxc6 34. Rc1 Re6 35. Nc3 Qe7 36. Kf2 Qd6 37. g3 Qb4 38. Qd1 Rc6 39. Ne2 Re6 40. Qd3 Re8 41. Rc6 Kf8 42. Qc3 Qe7 43. Nf4 g5 44. Rc7 Qd6 45. Nd3 g4 46. Ne5 gxf3 47. Rxf7+ Kg8 48. Qxf3 Ne4+ 49. Kg2 Ng5 50. Qf6 Qxf6 51. Rxf6 Re6 52. Rxe6 Nxe6 53. Nf3 Kf7 54. Kf2 Nc7 55. Ne5+ Ke6 56. Kf3 h5 57. Kf4 Kf6 58. Nd7+ Ke6 59. Nxb6 Kd6 60. Nc8+ Kd7 61. Na7 Ke6 62. Nc6 Kf6 63. Nxa5 Ne6+ 64. Ke3 Ng5 65. Nc6 Ne4 66. a5 1-0

[Event "Regionalliga SW 1516"]
[Site "Bayern"]
[Date "2016.02.21"]
[Round "7.4"]
[White "Bonacci, Mauro"]
[Black "Lutz, Albert"]
[Result "1-0"]
[WhiteElo "2067"]
[BlackElo "2003"]
[PlyCount "87"]
[EventDate "2015.10.11"]
[EventType "team-tourn"]
[EventRounds "9"]
[EventCountry "GER"]
[SourceTitle "EXT 2018"]
[Source "ChessBase"]
[SourceDate "2017.10.13"]
[SourceVersion "1"]
[SourceVersionDate "2017.10.13"]
[SourceQuality "1"]
[WhiteTeam "MSA Zugzwang II"]
[BlackTeam "Krumbach"]
[WhiteTeamCountry "GER"]
[BlackTeamCountry "GER"]

1. e4 d5 2. exd5 Nf6 3. d4 Bg4 4. Be2 Bxe2 5. Nxe2 Qxd5 6. 0-0 e6 7. Bf4 Bd6 8. Nbc3 Qf5 9. Bxd6 cxd6 10. Ng3 Qa5 11. d5 Qb6 12. dxe6 fxe6 13. Nce4 Nxe4 14. Nxe4 d5 15. Qh5+ Ke7 16. Ng5 Rf8 17. Qxh7 Nd7 18. Qxg7+ Kd6 19. Rae1 Rae8 20. Nf7+ Kc6 21. Qc3+ Qc5 22. Ne5+ Nxe5 23. Qxc5+ Kxc5 24. Rxe5 Kd6 25. Rfe1 Rf6 26. g3 Rc8 27. c3 a5 28. f4 a4 29. a3 Rg8 30. Kf2 Rh6 31. h4 Rhg6 32. Rg5 Rxg5 33. hxg5 Rh8 34. Kg2 b5 35. Rh1 Re8 36. Kf3 Kc5 37. g4 e5 38. f5 Rg8 39. g6 Kc4 40. g5 d4 41. cxd4 exd4 42. f6 Kd5 43. g7 Ke6 44. Rh8 1-0

[Event "Schleswig Holstein-ch Seniors op 9th"]
[Site "Buesum"]
[Date "2015.10.01"]
[Round "4"]
[White "Lutz, Albert"]
[Black "Villing, Dieter"]
[Result "1-0"]
[WhiteElo "2204"]
[BlackElo "2066"]
[PlyCount "69"]
[EventDate "2015.09.28"]
[EventType "swiss"]
[EventRounds "9"]
[EventCountry "GER"]
[SourceTitle "EXT 2018"]
[Source "ChessBase"]
[SourceDate "2017.10.13"]
[SourceVersion "1"]
[SourceVersionDate "2017.10.13"]
[SourceQuality "1"]

1. Nf3 d6 2. d4 Bg4 3. c4 Nd7 4. Nc3 c6 5. e4 e5 6. Be2 Ngf6 7. Be3 Be7 8. 0-0 0-0 9. Qc2 Qc7 10. Rac1 a6 11. Ne1 exd4 12. Bxd4 Ne5 13. f4 Ng6 14. Bd3 Rae8 15. Qf2 Nh5 16. f5 Bh4 17. Qd2 Ne5 18. h3 Ng3 19. hxg4 Nxf1 20. Bxf1 Nxg4 21. Qf4 h5 22. Nf3 Bf6 23. Bxf6 gxf6 24. c5 Qa5 25. Qxd6 Rd8 26. Qg3 Qxc5+ 27. Kh1 Kh7 28. Rc2 Rd1 29. Nxd1 Qxc2 30. Qe1 Rd8 31. Nc3 Qxb2 32. e5 fxe5 33. f6 Rg8 34. Nxe5 Nxe5 35. Qxe5 1-0

[Event "Schleswig Holstein-ch Seniors op 9th"]
[Site "Buesum"]
[Date "2015.09.30"]
[Round "3"]
[White "Achenbach, Manfred"]
[Black "Lutz, Albert"]
[Result "1/2-1/2"]
[WhiteElo "2094"]
[BlackElo "2204"]
[PlyCount "45"]
[EventDate "2015.09.28"]
[EventType "swiss"]
[EventRounds "9"]
[EventCountry "GER"]
[SourceTitle "EXT 2018"]
[Source "ChessBase"]
[SourceDate "2017.10.13"]
[SourceVersion "1"]
[SourceVersionDate "2017.10.13"]
[SourceQuality "1"]

1. Nf3 d5 2. c4 e6 3. g3 Nf6 4. Bg2 dxc4 5. Qa4+ Bd7 6. Qxc4 Bc6 7. 0-0 Nbd7 8. Nc3 Nb6 9. Qb3 Be7 10. d4 0-0 11. Qc2 Bxf3 12. Bxf3 c6 13. Rd1 Rc8 14. e4 Qd7 15. a4 a5 16. b3 Rfd8 17. Be3 Qc7 18. Rac1 Rd7 19. Qe2 Qd8 20. Bg2 c5 21. Nb5 cxd4 22. Rxc8 Nxc8 23. Rxd4 1/2-1/2